US States by Migration vs Birth - Statistics

General Stats
  • This quiz has been taken 18 times
  • The average score is 17 of 20
Answer Stats
Migrants/Birth State % Correct
1.846 California
100%
4.250 Florida
100%
4.760 Nevada
94%
4.194 New York
94%
2.282 Texas
94%
4.368 Colorado
88%
2.307 Arkansas
82%
4.880 Hawaii
82%
4.074 Idaho
82%
2.284 Indiana
82%
1.933 Michigan
82%
2.174 Mississippi
82%
1.912 Ohio
82%
4.197 Wyoming
82%
1.672 Louisiana
76%
2.123 Minnesota
76%
4.308 North Dakota
76%
5.733 Vermont
76%
2.276 Wisconsin
71%
4.410 Delaware
53%
No matching quizzes found
Score Distribution
Percent of People with Each Score
Percentile by Number Answered
Your Score History
You have not taken this quiz